000 00899nam a2200265Ia 4500
003 OSt
005 20221005105658.0
006 a|||||r|||| 00| 0
007 ta
008 221004b |||||||| |||| 00| 0 hin d
020 _a9789350725634 (hbk)
_c375
024 _a12822
037 _b270, 03/03/2014, Vani Prakashan
_cTextual
040 _aCRL
_cCRL
_bhin
041 _2hin
_ahin
082 _aO152,1N112:g, Q3
100 _aसिन्हा, रमण
245 0 _aशमशेर का संसार
246 _aShamasher kā sansāra
260 _aनई दिल्ली
_bवाणी प्रकाशन भारत
_c2013
300 _a196पृ0
_ccm.
650 _aहिन्दी साहित्य
942 _hO152,1N112:g, Q3
_cTEXL
_2cc
999 _c1016547
_d1016547